| 000 | 00971nam a2200229Ia 4500 | ||
|---|---|---|---|
| 003 | IN-BaIIA | ||
| 008 | 211028s9999 xx 000 0 eng d | ||
| 040 | _cIIA Library | ||
| 080 |
_a063:53 _bENF-38 |
||
| 111 |
_aConference of International School of Physics "Enrico Fermi" _cItaly _d1966 June 27- July 9 _95566 |
||
| 245 | 0 |
_aInteraction of high-energy particles with nuclei _bproceedings of the international School of Physics "Enrico Fermi" Varenna on Lake Como Villa Monastero, 27th June - 9th July 1966 _cedited by T. E. O. Ericson |
|
| 260 |
_aNew York _bAcademic Press _c1967 |
||
| 300 | _axii, 330p. | ||
| 490 | _aInternational School of Physics "Enrico Fermi" Course v. 38 | ||
| 650 |
_aHigh Energy Physics _92205 |
||
| 650 | _aNASA Thesaurus | ||
| 650 |
_aNuclear Physics _91527 |
||
| 650 |
_aParticle Physics _91847 |
||
| 700 |
_aEricson, T. E. O., ed. _95567 |
||
| 710 | _aItalian Physical Society | ||
| 942 | _cBK | ||
| 999 |
_c3136 _d3136 |
||